Košický pustovník /

Main Author: Marenčin, Albert, 1922-2019
Language: Slovak
Published: Bratislava : Slovenský spisovateľ, 1988
Edition: 1. vyd.
Physical Description: 152 s.
Book
Saved in:
LEADER 00714nam a2200229 a 4500
001 000365148
003 CZ BrMZK
005 19980105143423.0
007 ta
008 980105s1988 xo f slo d
040 |a BOA001  |b cze 
080 |a 75(437.6)"19":92 Jakoby, Július  |2 MRF 
080 |a 885.4-312.6  |2 MRF 
080 |a 929 Jakoby, Július  |2 MRF 
100 1 |a Marenčin, Albert,  |d 1922-2019  |7 ola2002151943  |4 aut 
245 1 0 |a Košický pustovník /  |c Albert Marenčin 
250 |a 1. vyd. 
260 |a Bratislava :  |b Slovenský spisovateľ,  |c 1988 
300 |a 152 s. 
910 |a BOA001  |b 2-0933.306 
990 |a BK 
996 7 |b 2619780457  |c 2-0933.306  |l MZK  |r Sklad / do 1 hodiny  |n 1  |w 000365148  |u 000010  |a 1  |e BOA001  |j MZK50  |s A